[Event "NED-ch U13 Girls"]
[Site "Rijswijk"]
[Date "2005.05.07"]
[Round "9"]
[White "Bosschert, Mariska"]
[Black "Van Egdom, Mandy"]
[Result "0-1"]
[WhiteElo "1039"]
[BlackElo "1230"]
[PlyCount "58"]
[EventDate "2005.05.05"]
[EventType "swiss"]
[EventRounds "9"]
[EventCountry "NED"]
[SourceTitle "EXT 2013"]
[Source "ChessBase"]
[SourceDate "2012.11.22"]
[SourceVersion "1"]
[SourceVersionDate "2012.11.22"]
[SourceQuality "1"]

1. e4 e5 2. Nf3 Nc6 3. Nc3 Nf6 4. Bc4 Bb4 5. d3 d6 6. Bg5 Bg4 7. h3 Bh5 8. g4 Bg6 9. a3 Bxc3+ 10. bxc3 h5 11. Rg1 Qd7 12. Nh4 d5 13. Nxg6 fxg6 14. exd5 Nxd5 15. Qf3 Nxc3 16. Kd2 Na4 17. Rge1 Rf8 18. Qg3 Qd4 19. Re2 Qxa1 20. d4 Qxd4+ 21. Bd3 Nc3 22. Be3 Qd6 23. Kxc3 Qxa3+ 24. Kd2 Qb4+ 25. c3 Qb2+ 26. Bc2 0-0-0+ 27. Ke1 Qa1+ 28. Bb1 Qxb1+ 29. Bc1 Qxc1# 0-1

[Event "NED-ch U13 Girls"]
[Site "Rijswijk"]
[Date "2005.05.05"]
[Round "3"]
[White "Kustura, Admira"]
[Black "Bosschert, Mariska"]
[Result "0-1"]
[WhiteElo "1066"]
[BlackElo "1039"]
[PlyCount "50"]
[EventDate "2005.05.05"]
[EventType "swiss"]
[EventRounds "9"]
[EventCountry "NED"]
[SourceTitle "EXT 2013"]
[Source "ChessBase"]
[SourceDate "2012.11.22"]
[SourceVersion "1"]
[SourceVersionDate "2012.11.22"]
[SourceQuality "1"]

1. e4 e5 2. Nf3 Nc6 3. Bb5 d6 4. d3 Nf6 5. Bg5 Bg4 6. h3 Bh5 7. Nc3 Be7 8. 0-0 0-0 9. Re1 Nd4 10. Re3 Nd7 11. Bxe7 Qxe7 12. Bxd7 Qxd7 13. g4 Bg6 14. Qd2 Qc6 15. Nd5 Qb5 16. Nxc7 Qxb2 17. Nxa8 Qxa1+ 18. Kg2 Rxa8 19. h4 f6 20. h5 Bf7 21. c3 Nxf3 22. Kxf3 Qh1+ 23. Kg3 Qg1+ 24. Kh3 Be6 25. Rg3 Qh1# 0-1

[Event "NED-ch U13 Girls"]
[Site "Rijswijk"]
[Date "2005.05.05"]
[Round "1"]
[White "Warmelink, Evie"]
[Black "Bosschert, Mariska"]
[Result "1-0"]
[WhiteElo "1411"]
[BlackElo "1039"]
[PlyCount "109"]
[EventDate "2005.05.05"]
[EventType "swiss"]
[EventRounds "9"]
[EventCountry "NED"]
[SourceTitle "EXT 2013"]
[Source "ChessBase"]
[SourceDate "2012.11.22"]
[SourceVersion "1"]
[SourceVersionDate "2012.11.22"]
[SourceQuality "1"]

1. e4 e5 2. Nc3 Nf6 3. f4 d6 4. Nf3 Nc6 5. Bc4 Be7 6. d3 Nd4 7. fxe5 Nxf3+ 8. Qxf3 Bg4 9. Qg3 dxe5 10. Qxe5 Nd7 11. Qf4 Nf6 12. e5 g5 13. Qg3 Qd7 14. exf6 Bxf6 15. 0-0 Bd8 16. Qe5+ Be7 17. Qxh8+ Bf8 18. Bxf7+ Qxf7 19. Rxf7 Kxf7 20. Qxh7+ Bg7 21. Qe4 Rf8 22. Qxg4 Kg8 23. Bxg5 Rf7 24. Qc8+ Rf8 25. Qxf8+ Bxf8 26. Re1 Kf7 27. Rf1+ Kg7 28. Bh6+ Kxh6 29. Rxf8 Kg7 30. Rc8 c6 31. Rc7+ Kf6 32. Rxb7 a5 33. Rb6 a4 34. Rxc6+ Ke5 35. Rc4 a3 36. bxa3 Kd6 37. Kf2 Ke6 38. Ke3 Ke5 39. Rc5+ Ke6 40. Ke4 Kd6 41. Rh5 Kc6 42. Kd4 Kb6 43. Kc4 Ka6 44. Kb4 Kb6 45. Rh6+ Kb7 46. Kc5 Ka7 47. Kb5 Kb8 48. Rh7 Kc8 49. Kc6 Kd8 50. Ra7 Ke8 51. Kd6 Kf8 52. Ke6 Kg8 53. Kf6 Kh8 54. Kg6 Kg8 55. Ra8# 1-0